MICROWAVE FERIRTES (Record no. 583644)

000 -LEADER
fixed length control field 00251nam a22001097a 4500
082 ## - DEWEY DECIMAL CLASSIFICATION NUMBER
Classification number 621.3813 CLA'M
100 ## - MAIN ENTRY--PERSONAL NAME
Personal name CLARICOATS, P. J. B
9 (RLIN) 78534
245 ## - TITLE STATEMENT
Title MICROWAVE FERIRTES
260 ## - PUBLICATION, DISTRIBUTION, ETC.
Place of publication, distribution, etc. LONDON
Name of publisher, distributor, etc. CHAPMAN & HALL
Date of publication, distribution, etc. 1961
300 ## - PHYSICAL DESCRIPTION
Extent 260P
942 ## - ADDED ENTRY ELEMENTS (KOHA)
Koha item type Book
Holdings
Withdrawn status Lost status Damaged status Not for loan Permanent Location Current Location Shelving location Date acquired Total Checkouts Full call number Barcode Date last seen Price effective from Koha item type
        College of Electrical & Mechanical Engineering (CEME) College of Electrical & Mechanical Engineering (CEME) General Stacks 06/16/2017   621.3813 CLA'M CEME-8051 06/28/2021 06/28/2021 Book
© 2023 Central Library, National University of Sciences and Technology. All Rights Reserved.